Ảnh hưởng của các biện pháp kỹ thuật nuôi tôm sú ( Penaesu monodo) thâm canh đến môi trường bùn đáy ao : Luận văn thạc sĩ chuyên ngành Khoa học Môi trường

Đề tài xác định hàm lượng hữu cơ, tổng đạm và tổng lân trong vùng đáy ao nuôi tôm sú, đánh giá lượng bùn và dinh dưỡng trong bùn đáy theo loai thức ăn và mật độ của các ao, những hạn chế lượng bùn, lượng dinh dưỡng trong bùn đáy ao nuôi...

Full description

Saved in:
Bibliographic Details
Main Author: Nguyễn, Văn Mạnh
Format: Book
Language:Undetermined
Published: Cần Thơ Trường Đại học Cần Thơ 2010
Subjects:
Tags: Add Tag
No Tags, Be the first to tag this record!
Institutions: Trung tâm Học liệu Trường Đại học Cần Thơ
LEADER 01237nam a2200217Ia 4500
001 CTU_162801
008 210402s9999 xx 000 0 und d
082 |a 639.311 
082 |b M107 
088 |a 60440301 
100 |a Nguyễn, Văn Mạnh 
245 0 |a Ảnh hưởng của các biện pháp kỹ thuật nuôi tôm sú ( Penaesu monodo) thâm canh đến môi trường bùn đáy ao : 
245 0 |b Luận văn thạc sĩ chuyên ngành Khoa học Môi trường 
245 0 |c Nguyễn Văn Mạnh ; Bùi Thị Nga (Hướng dẫn Khoa học) 
260 |a Cần Thơ 
260 |b Trường Đại học Cần Thơ 
260 |c 2010 
520 |a Đề tài xác định hàm lượng hữu cơ, tổng đạm và tổng lân trong vùng đáy ao nuôi tôm sú, đánh giá lượng bùn và dinh dưỡng trong bùn đáy theo loai thức ăn và mật độ của các ao, những hạn chế lượng bùn, lượng dinh dưỡng trong bùn đáy ao nuôi thâm canh. 
650 |a Pond sediments,Bùn đáy ao 
904 |i Quyền, Hải 
980 |a Trung tâm Học liệu Trường Đại học Cần Thơ